Anuari estadístic de Sabadell 2002
ISBN:
84-87221-68-8
Descripción Física:
574 p. : il., taules, gràf., mapes ; 30 cm + 1 CD-ROM
Materias:
Sabadell (Catalunya) -- Estadístiques
MARC
| LEADER | 00000nam a2200000Ia 4500 | ||
|---|---|---|---|
| 001 | 14839 | ||
| 008 | 160829s9999 xx 000 0 cat d | ||
| 020 | |a 84-87221-68-8 | ||
| 080 | |a M-4-268 | ||
| 245 | |a Anuari estadístic de Sabadell 2002 | ||
| 260 | |a [Sabadell] : |b Ajuntament de Sabadell, DL 2002 | ||
| 300 | |a 574 p. : |b il., taules, gràf., mapes ; |c 30 cm + 1 CD-ROM | ||
| 590 | |a Elaboració: Observatori de l'Economia Local | ||
| 651 | 0 | |a Sabadell (Catalunya) |v Estadístiques |9 54236 | |
| 710 | 1 | |a Sabadell (Catalunya). |b Ajuntament |9 51464 | |
| 710 | 2 | |a Observatori de l'Economia Local (Sabadell) |9 55773 | |
| 901 | |a Arxiu | ||
| 942 | |n 1 | ||
| 952 | |0 0 |1 0 |4 0 |6 M4268 |7 1 |9 44754 |a Arxiu |b Arxiu |d 2016-12-01 |l 0 |o M-4-268 |p 14839 |r 2016-12-01 00:00:00 |w 2016-12-01 |y ARXIU | ||
| 999 | |c 47336 |d 47336 | ||